Normal view MARC view
  • Task Force on Higher Education and Society.

Entry Corporate Name

Number of records used in: 1

001 - CONTROL NUMBER

  • control field: 28568

003 - CONTROL NUMBER IDENTIFIER

  • control field: NUST

005 - DATE AND TIME OF LATEST TRANSACTION

  • control field: 20200220124817.0

008 - FIXED-LENGTH DATA ELEMENTS

  • fixed length control field: 200220|| aca||aabn | a|a d

040 ## - CATALOGING SOURCE

  • Original cataloging agency: NUST
  • Transcribing agency: NUST

110 ## - HEADING--CORPORATE NAME

  • Corporate name or jurisdiction name as entry element: Task Force on Higher Education and Society.

670 ## - SOURCE DATA FOUND

  • Source citation: Work cat.: (NUST)0: Task Force on Higher Education and Society., Higher education in developing countries :, 2000.
© 2023 Central Library, National University of Sciences and Technology. All Rights Reserved.